Catálogo
 En Linea

La microempresa alternativa de desarrollo / (Registro nro. 26914)

Detalles MARC
000 -CABECERA
campo de control de longitud fija 00734nam a2200181 a 4500
001 - NÚMERO DE CONTROL
campo de control 000027422
005 - FECHA Y HORA DE LA ÚLTIMA TRANSACCIÓN
campo de control 20200930030825.0
008 - DATOS DE LONGITUD FIJA--INFORMACIÓN GENERAL
campo de control de longitud fija 110331s1991 dr c 000 0 spa d
040 ## - FUENTE DE LA CATALOGACIÓN
Centro catalogador/agencia de origen DO-SdBNP
Lengua de catalogación spa
Centro/agencia transcriptor BNPHU
082 ## - NÚMERO DE LA CLASIFICACIÓN DECIMAL DEWEY
Número de clasificación xxxx
Número de documento/Ítem M626a
111 2# - ENTRADA PRINCIPAL--NOMBRE DE CONGRESO/REUNIÓN
Nombre de congreso/reunión o jurisdicción como elemento de entrada Congreso Internacional de Programas de Microempresas
Número del congreso/reunión o número de parte o sección (2do.:
Fecha del congreso/reunión 1991, ene. 17-19:
Sede del congreso/Lugar de la reunión Santo Domingo)
9 (RLIN) 54490
245 13 - MENCIÓN DE TÍTULO
Título La microempresa alternativa de desarrollo /
Mención de responsabilidad, etc. presentación Carlos Pimentel, introducción Yesid Barrera Santos.
246 ## - FORMA VARIANTE DE TÍTULO
Título propio/Titulo breve Segundo Congreso Internacional de Programas de Microempresas
260 ## - PUBLICACIÓN, DISTRIBUCIÓN, ETC.
Lugar de publicación, distribución, etc. Santo Domingo :
Nombre del editor, distribuidor, etc. CENAPEC,
Fecha de publicación, distribución, etc. 1991.
300 ## - DESCRIPCIÓN FÍSICA
Extensión 84 p. :
Otras características físicas retrs. ;
Dimensiones 27 cm.
700 1# - PUNTO DE ACCESO ADICIONAL--NOMBRE DE PERSONA
Nombre de persona Pimentel, Carlos
9 (RLIN) 54491
700 1# - PUNTO DE ACCESO ADICIONAL--NOMBRE DE PERSONA
Nombre de persona Barrera Santos, Yesid,
Término indicativo de función/relación introd.
9 (RLIN) 54492
Existencias
Estado de retiro Estado de pérdida No para préstamo Código de colección Localización permanente Ubicación/localización actual Ubicación en estantería Fecha de adquisición Número de inventario Total de préstamos Signatura topográfica completa Código de barras Fecha visto por última vez Precio válido a partir de Tipo de ítem Koha
    Excluido de préstamo Patrimonio Dominicano Patrimonio Dominicano Patrimonio Dominicano En catalogación 31.03.2011 LF1   xxxx M626a 27422-10 25.06.2020 25.06.2020 Libro y Folleto Colección Patrimonio Dominicano

Con tecnología Koha